000 00371nam a2200169Ia 4500
001 12236
003 IN-NITTTR
005 20251114233114.0
008 251113s9999||||xx |||||||||||||| ||eng||
040 _beng
040 _cIN-NITTTR
041 _aeng
082 _a823 W155A
100 _aWallace, Irving
245 0 _aAlmighty. /
_cWallace, Irving
942 _2ddc
_cBK
999 _c14872
_d14872